000 00479 a2200193 4500
005 20260121163630.0
008 260121b |||||||| |||| 00| 0 eng d
020 _a9798898486044
_c$ 160.00
040 _aMAIN
082 _a572.8
_bO4H
100 _aOakley, Oak
245 _aHandbook of molecular biology
260 _bCell Publishing
_c2026
_aWyoming
300 _a178
650 _aBiology
650 _aBiochemistry
650 _aMolecular Docking
942 _cBK
999 _c394111
_d394111